La arquitectura didáctica

Saved in:
書目詳細資料
主要作者: Purini, Franco (Author)
格式: 圖書
語言:西班牙语
出版: Valencia Artes Gráficas Soler 1984
叢編:Colección de Arquitectura
主題:
標簽: 添加標簽
沒有標簽, 成為第一個標記此記錄!

MARC

LEADER 00000nam a2200000 a 4500
001 UCR6207
003 CL-VaPUC
008 980420e19840000SP |||||||||||||||||spa|d
020 |a 8450508983 
082 0 4 |a 720.9  |b PUR  |2 21 
100 0 |a Purini, Franco  |e author  |9 407412 
245 1 3 |a La arquitectura didáctica 
300 |a 242 
942 |c BK 
945 |d 19980420 00:00:00  |a rbrito 
260 |a Valencia  |b Artes Gráficas Soler  |c 1984 
650 0 |a Arquitectura  |9 804558 
650 0 |a Arquitectos italianos   |9 407414 
650 7 |a ENSEÑANZA DE LA ARQUITECTURA  |2 CL-VaPUC  |9 337988 
583 |a last modification  |c 19980420 00:00:00  |k Rodrigo Vera 
490 0 |a Colección de Arquitectura 
999 |c 268504  |d 268502 
952 |0 0  |1 0  |4 0  |6 720_900000000000000_PUR_1984  |7 0  |8 A  |9 301687  |a BIBARQ  |b BIBARQ  |d 2019-11-20  |i 3399427  |l 2  |o 720.9 PUR 1984  |p 3399427  |r 2025-01-20  |s 2024-11-28  |w 2019-11-20  |y BK  |k ARQ 
952 |0 0  |1 0  |4 0  |6 720_900000000000000_PUR_1984  |7 0  |8 A  |9 301688  |a BIBARQ  |b BIBARQ  |d 2019-11-20  |i 396826K  |l 1  |o 720.9 PUR 1984  |p 396826K  |r 2025-01-20  |s 2022-08-04  |w 2019-11-20  |y BK  |k ARQ